| 000 | 00616nam a2200217Ia 4500 | ||
|---|---|---|---|
| 999 |
_c41155 _d41155 |
||
| 001 | 7805 | ||
| 003 | GE_BSU | ||
| 005 | 20221116111540.0 | ||
| 008 | 181216s2008||||en |||||||||||||| ||eng|| | ||
| 020 | _a9781599661506 x | ||
| 040 | _cGE_BSU | ||
| 041 | _aeng | ||
| 080 | _a811.111 T-17 | ||
| 100 |
_aTalalla,Renee _914806 |
||
| 245 |
_aEnglish Restaurant workers / _cRenee Talalla, |
||
| 264 |
_bCompass Publishing, _c2008. |
||
| 300 |
_a95 p. : _b Ill. _c28 cm. |
||
| 653 | _aEnglish Restaurant workers | ||
| 653 | _aინგლისური რესტორნის მუშები | ||
| 942 |
_cBK _2udc |
||